Report of the Commission on National Education/ (Record no. 542877)

000 -LEADER
fixed length control field 00401nam a22001337a 4500
082 ## - DEWEY DECIMAL CLASSIFICATION NUMBER
Classification number 370
Author Mark REP
-- L-31, P-67
100 ## - MAIN ENTRY--PERSONAL NAME
Personal name Ministry of Education
9 (RLIN) 9099
245 ## - TITLE STATEMENT
Title Report of the Commission on National Education/
260 ## - PUBLICATION, DISTRIBUTION, ETC.
Place of publication, distribution, etc. Karachi
Name of publisher, distributor, etc. Manager Government of Pakistan Press
Date of publication, distribution, etc. c1959.
300 ## - PHYSICAL DESCRIPTION
Extent 370 p. :
Dimensions 19cm
526 ## - STUDY PROGRAM INFORMATION NOTE
Program name 0
Interest level 0
Reading level 0
Title point value 370_000000000000000_REP
650 ## - SUBJECT ADDED ENTRY--TOPICAL TERM
Topical term or geographic name entry element MCE
9 (RLIN) 379
942 ## - ADDED ENTRY ELEMENTS (KOHA)
Source of classification or shelving scheme
Koha item type Book
Holdings
Withdrawn status Lost status Source of classification or shelving scheme Damaged status Not for loan Permanent Location Current Location Date acquired Total Checkouts Full call number Barcode Date last seen Price effective from Koha item type
          Military College of Engineering (MCE) Military College of Engineering (MCE) 02/24/2014   370 REP MCE-1532 02/24/2014 02/24/2014 Book
© 2023 Central Library, National University of Sciences and Technology. All Rights Reserved.